Το αθέατο σύμπαν : ατενίζοντας την αυγή της νέας αστροφυσικής

Αποθηκεύτηκε σε:
Λεπτομέρειες βιβλιογραφικής εγγραφής
Κύριος συγγραφέας: Field, George B., 1929-
Άλλοι συγγραφείς: Chaisson, Eric, Τσίγκανος, Κανάρης (Μεταφραστής, Συγγραφέας εισαγωγής κ.λπ.)
Μορφή: Βιβλίο
Γλώσσα:Greek
English
Δημοσίευση: Ηράκλειο : Πανεπιστημιακές Εκδόσεις Κρήτης, 1999.
Έκδοση:4η έκδ.
Σειρά:Επιστήμη και ανθρώπινος πολιτισμός
Θέματα:
Ετικέτες: Προσθήκη ετικέτας
Δεν υπάρχουν, Καταχωρήστε ετικέτα πρώτοι!

MARC

LEADER 00000cam a2200000 i 4500
001 1/104879
008 090508s1999 gr | ||| |||| ||gre||
020 |a 9607309146 
035 |l 10104600 
040 |a GR-MY-UA  |b gre  |e aacr 
041 1 |a gre  |h eng 
082 7 |a 520   |2 (22) 
100 1 |a Field, George B.,   |d 1929- 
245 1 3 |a Το αθέατο σύμπαν :   |b ατενίζοντας την αυγή της νέας αστροφυσικής /   |c George B.Field, Eric J.Chaisson ; πρόλογος και απόδοση στα ελληνικά: Κανάρης Τσίγκανος ; αστρονομικές εικόνες και περιγραφή τους: Thomas P Stephenson.  
250 |a 4η έκδ.  
260 |a Ηράκλειο :   |b Πανεπιστημιακές Εκδόσεις Κρήτης,   |c 1999.  
300 |a 233 σ. :   |b εικ., φωτ. ;   |c 24 εκ.  
490 1 |a (Επιστήμη και ανθρώπινος πολιτισμός) 
500 |a Μετάφραση από τα αγγλικά του: The invisible universe 
504 |a Περιέχει βιβλιογραφικές παραπομπές 
650 0 0 |a Astronomy. 
650 0 0 |a Radio astronomy. 
650 0 0 |a Astrophysics. 
700 1 |a Chaisson, Eric. 
700 1 |a Τσίγκανος, Κανάρης,  |e trl  |e aui 
830 0 |a Επιστήμη και ανθρώπινος πολιτισμός 
852 |a INST  |b LESVOS  |e 20090508  |h 520 FIE  |p 005100045004  |q 005100045004  |t BK  |y 0 
901 |a BIBL1-2009-2 
909 |a Λ  |b 158793 
970 |a ΚΑΡΑ  |b ΓΙΑΣΕΜΗ  |z 2009/05/08